000 00500nam a22001811a 4500
001 965
003 OSt
005 20260204211716.0
008 040115s2000||||dr ||||||b||||||||||Ing||
050 _aRD 371.97 H363h
082 _aRD 371.97 H363h
245 _aHello, Hello: Segundo nivel de Ingles, libro de texto y ejercicio / Guillermina Saíz y otros.
264 _aSanto Domingo : SEEC
300 _a152 p.
650 _a1.Educación Bilingue
700 _aSainz, GuillerminaÌ
942 _2ddc
_cBK
999 _c965
_d965